00721nam a2200241 a 4500001001300000003000900013005001700022008004100039020000900080082001700089100001800106245005500124260004500179300000900224500003500233505002600268650001900294700001800313902000800331942000700339952011600346999001700462nice12345678IN_TiNIC20260116014557.0050524s2001 newa grp 000 0 urd  ac9500a297.409bHAS aHashmi, Talib aTazkira Hazrat Baba Fareeduddin Masood Ganj Shakar aNew DelhibIslamic Book Foundationc2001 a304p aincludes index and biblioraphy2 aIndex, Quranic Verses aBiography-Sufi1 aHashmi, Talib bSRS cBK 001040708StackRoom-aHMIbHMId2008-04-30g95.00l0o297.409 HASp020615r2008-04-30v95.00w2005-05-24yBK c16052d16052